000 00484nam a22001697a 4500
003 NUST - PNEC
005 20170116180844.0
008 150822b xxu||||| |||| 00| 0 eng d
020 _a000370257X
040 _cLIBRARY
082 _a428.82 COL
100 _95447
_aCollins Publications
245 _aCollins COBUILD English grammar
_cHyperCollins Publications
260 _bHyperCollins Publications India
650 _95449
_aEnglish language-Grammer
_xGeneral
942 _2ddc
_cBK
999 _c64451
_d64451